000 00887nam a22001817a 4500
005 20260124093155.0
008 230713b ||||| |||| 00| 0 eng d
040 _cSSBUL
_dSSBUL
082 _223
_a၈၉၁.၅ အို ၁၆၀၄၇ (S-SAT)
100 _aအိုမာခယမ်း။
_927861
245 _aအိုမာခယမ်းရဲ့ ရူဘိုင်ယတ်များ /
_cအိုမာခယမ်း၊ ဘာသာပြန်သူစိုင်းခမ်းလိတ်။
260 _aရန်ကုန်၊
_bစစ်သည်တော်စာပေ၊
_c၂၀၀၀။
300 _a၉၉ စာမျက်နှာ၊
_c၁၈ စင်တီ။
500 _aS-SAT: Dr. Prof Sai Aung Tun
650 _aပါရှန်ကဗျာ။
_927862
650 _aပါရှန်စာပေ
_vကဗျာ။
_927863
942 _2ddc
_cBK1
999 _c27119
_d27119